000 00332nam a22001337a 4500
020 _a9780412064012
040 _cNust
082 _a621.3121
_bVEA
100 _aVeatch
_9126360
245 _aPower plant engineering
260 _aNew York:
_bChapman & Hall,
_c1996.
650 _aPower plant engineering
_958408
942 _2ddc
_cBK
999 _c612063
_d612063